00434nam a2200181Ia 4500008004100000020001400041050001400055100002100069245002800090245003500118260001500153260001600168260000900184300001400193300002700207300001000234500000800244170918s9999 xx 000 0 und d a439217199 bG884 1998 aGrindley, Sally  aWhat are friends for? / cSally Grindley and Penny Dann. aNew York : bScholastic, c1998 aunpaged : bcolored illustration ; c24cm. a270